Decodable takehome books (Orange) : (Record no. 105030)
[ view plain ]
| 000 -LEADER | |
|---|---|
| fixed length control field | 01524nam a2200205 a 4500 |
| 005 - DATE AND TIME OF LATEST TRANSACTION | |
| control field | 20140412111336.0 |
| 008 - FIXED-LENGTH DATA ELEMENTS--GENERAL INFORMATION | |
| fixed length control field | 031017s19uu xx 00 eng d |
| 020 ## - INTERNATIONAL STANDARD BOOK NUMBER | |
| International Standard Book Number | 0-02-683928-8 |
| 050 ## - LIBRARY OF CONGRESS CALL NUMBER | |
| Classification number | TR(GS 372.4 |
| Item number | De355 2000 |
| 245 ## - TITLE STATEMENT | |
| Title | Decodable takehome books (Orange) : |
| Remainder of title | level B set 1(Books 41-75). |
| 260 ## - PUBLICATION, DISTRIBUTION, ETC. (IMPRINT) | |
| Place of publication, distribution, etc | Columbus, Ohio : |
| Name of publisher, distributor, etc | SRA/McGraw-Hill, |
| Date of publication, distribution, etc | 2000. |
| 300 ## - PHYSICAL DESCRIPTION | |
| Extent | 190 p. ; ill. |
| 440 ## - SERIES STATEMENT/ADDED ENTRY--TITLE | |
| Title | SRA: Open Court Reading |
| 500 ## - GENERAL NOTE | |
| General note | Story Titles: Lance's Dragon--Spice Cake--The Cold Troll--A Chore for Mole--At the Vet--Cupid The Mule--Magic Pages--Steve's Secret--June and the Duke--Dragons Don't Get Colds--The Fancy Party--Sail Day--The Opposum at Night--The King Who was Late--Why, Bly?--The Farmer and the Doe--A Crow, A Goat and a Boat--Tommy's True's Tuba--The Snow Games--Birthday Clues--Who Took My Book?--A Clown Comes to Town--Max the Grouch--Our Town Garden--Sailor Paul and the Crabs--The Knight Who did Not Know--Roy and Big Boy--Little Wren's Surprise--A Photo for Fred--Patty's Awful Day--The Everybody Club--Superhero to the Rescue--Mr. Lee--Princess Julia--How the Rabbit Caught the Tiger. |
| 520 ## - SUMMARY, ETC. | |
| Summary, etc | The SRA Open Court Reading Pre-Decodable Books allow your students to apply their knowledge of phonic element to read simple, engaging texts. Each story supports intruction in a new phonic element and incorporates elements and words that have been learned earlier. |
| 650 ## - SUBJECT ADDED ENTRY--TOPICAL TERM | |
| Topical term or geographic name as entry element | Reading--Study and teaching |
| 650 ## - SUBJECT ADDED ENTRY--TOPICAL TERM | |
| Topical term or geographic name as entry element | Writing--Study and teaching |
| Withdrawn status | Lost status | Damaged status | Use restrictions | Home library | Current library | Shelving location | Date acquired | Source of acquisition | Total Checkouts | Full call number | Barcode | Date last seen | Price effective from | Koha item type |
|---|---|---|---|---|---|---|---|---|---|---|---|---|---|---|
| Elizalde Library | Elizalde Library | Teachers Reference Section | 10/17/2003 | TR(GS 372.4 De355 2000 | E9306 | 04/12/2014 | 04/12/2014 | Books | ||||||
| Elizalde Library | Elizalde Library | Teachers Reference Section | 10/17/2003 | TR(GS 372.4 De355 2000 | E9307 | 04/12/2014 | 04/12/2014 | Books |